Linear aggregation theory in cell biology /

Bibliographic Details
Main Author: Hill, Terrell L.
Format: Book
Language:English
Published: New York : Springer-Verlag, [1987]
Series:Springer series in molecular biology.
Subjects:

MARC

Tag First Indicator Second Indicator Subfields
LEADER 00000cam a2200000 a 4500
001 in00000010845
005 20151007051929.0
008 870316s1987 nyua b 00110 eng
010 |a  87004867  
020 |a 0387964908 :  |c $98.00 
035 |a (OCoLC)15418532 
035 |9 AAA5507AM 
040 |a DLC  |c DLC  |d CUX  |d TXA  |d UtOrBLW 
049 |a TXAM  |c [A12606021] 
050 0 0 |a QP551  |b .H495 1987 
082 0 |a 574.87/6042  |2 19 
100 1 |a Hill, Terrell L. 
245 1 0 |a Linear aggregation theory in cell biology /  |c Terrell L. Hill. 
264 1 |a New York :  |b Springer-Verlag,  |c [1987] 
264 4 |c ©1987 
300 |a xiv, 305 pages :  |b illustrations ;  |c 25 cm. 
336 |a text  |b txt  |2 rdacontent 
337 |a unmediated  |b n  |2 rdamedia 
338 |a volume  |b nc  |2 rdacarrier 
490 1 |a Springer series in molecular biology 
504 |a Includes bibliographies and index. 
650 0 |a Proteins  |x Synthesis. 
650 0 |a Polymerization. 
650 0 |a Biopolymers. 
650 0 |a Statistical mechanics. 
650 0 |a Polymers. 
830 0 |a Springer series in molecular biology. 
999 |a MARS 
999 f f |s b3f01a2f-3b8a-3d35-8a56-6d753d02169a  |i 11d45d19-5904-3b48-80fb-3e63f1de31e0  |t 0 
952 f f |p ric  |a Texas A&M University  |b Rellis Campus  |c Joint Library Facility  |d Remote Storage  |t 0  |e QP551 .H495 1987  |h Library of Congress classification  |i unmediated -- volume  |m A14812606021 
998 f f |a QP551 .H495 1987  |t 0  |l Remote Storage